000 00299 a2200121 4500
001 153859
040 _cEscola São Tomás de Aquino
100 _aMACHADO, Ana Maria
240 1 0 _aNo barraco do carrapato
_lpor
245 1 0 _aNo barraco do carrapato
697 _a*LITERATURA INFANTIL
942 _cBK
999 _c153859
_d153859